Не притеснявай Дядо Коледа! (Запис номер 472388)
[ съкратено ]
| 000 -Лидер | |
|---|---|
| Лидер | 01255nam a2200289 a 4500 |
| 003 - Код на организацията, давaща контролен номер | |
| Код на организацията, даваща контролен номер | BLK |
| 005 - Дата и час на последна редакция | |
| Дата и час на последна редакция | 20250118133411.0 |
| 008 - Елементи от данни с фиксирана дължина | |
| Елементи с фиксирана дължина | 201001b bu |||||r|||| 00| | bu d |
| 020 ## - Международен стандартен номер на книга ISBN | |
| ISBN | 9786192350864 |
| 020 ## - Международен стандартен номер на книга ISBN | |
| ISBN | 9786192350970 |
| 040 ## - Източник на каталожния запис | |
| Код на библиотеката | BLK |
| 041 ## - Код за език | |
| Език | Български |
| Език за КДБФ | Български |
| 080 ## - УДК | |
| УДК текст | Новогръцка литература |
| УДК код | 821.146 |
| УДК – определител | -93-32 |
| УДК – код + определител | 821.146-93-32 |
| 100 1# - Редна дума - Автор | |
| Автор | Цитас, Макис |
| R(LIN) | 140111 |
| 245 ## - Сведения за заглавието | |
| Заглавие | Не притеснявай Дядо Коледа! |
| Авторска отговорност | Макис Цитас; ил. Зои Лура ; прев. от гр. Дарина Фелонова |
| 257 ## - Страна на издаване | |
| Страна на създаване/издаване | Гърция |
| 260 ## - Област на издателските данни | |
| 9 (RLIN) | 218081 |
| Място на издаване | София |
| Име на издателя | Светлана Янчева - Изида |
| Година на издаване | 2021 |
| Издателство - префикс ISBN | 978-619-704- |
| 300 ## - Физическа характеристика | |
| Брой страници | 20 с. |
| Илюстрации | с ил. |
| Размер | 21 см |
| 380 ## - Жанр | |
| Жанр | Детска худож. лит. |
| 500 ## - Общи забележки | |
| Обща забележка | Ориг. загл., транслитерирано на латиница: Min Talaiporeis ton Ai-Vasili / Makis Tsitas<br/>За автора: с. 20 |
| 700 ## - Други автори (авторска отговорност) | |
| 9 (RLIN) | 285990 |
| Друг автор | Фелонова, Дарина Костадинова |
| Авт. отговорност на др. автор | прев. от гр. |
| 700 ## - Други автори (авторска отговорност) | |
| 9 (RLIN) | 434825 |
| Друг автор | Лура, Зои |
| Авт. отговорност на др. автор | ил. |
| 852 ## - Местоположение | |
| Сигнатура (форматна) | Цб 313809 |
| 942 ## - АРТИКУЛИ | |
| Вид на библиотечния документ | Книги |
| Скрит в OPAC | Не |
| Периодичен библиозапис | Да |
| Koha issues (borrowed), all copies | 11 |
| 944 ## - СЪЗДАВАНЕ И РЕДАКЦИЯ на ЗАПИСА | |
| Създаване/Редакция | Създаване |
| Дата на регистрацията/редакция | 2022-09-05 |
| Служител, извършил регистрацията/редакцията | 30552 |
| Номер на служител | Виолета Тройчева |
| 999 ## - СИСТЕМНИ КОНТРОЛНИ НОМЕРА | |
| Koha biblionumber | 472388 |
| Koha biblioitemnumber | 472388 |
| Код за отписване | Код за изгубен артикул | Източник на класификационната схема | Код за повреда | Код за отдаване | Артикулен № | Име на библиотеката - собственик | Име на библиотеката, в която се намира в момента | Статус (Текущо местоположение) | Дата на вписване в системата | Местоположение - отдел | Цена в лева | Систематично азбучна сигнатура | Баркод | Цена в евро | Служебен тип на артикула | Инвентарен номер |
|---|---|---|---|---|---|---|---|---|---|---|---|---|---|---|---|---|
| Не е изгубен | Universal Decimal Classification | Не е повреден | ползва се в читалня | 903203 | Регионална библиотека "Любен Каравелов" Русе | Регионална библиотека "Любен Каравелов" Русе | Хранилище | 2022-09-07 | Хранилище | 5.00 | Цб 313809 | 120000875899 | 2.56 | Книги | ||
| Не е изгубен | Universal Decimal Classification | Не е повреден | заемане за дома | 954551 | Регионална библиотека "Любен Каравелов" Русе | Регионална библиотека "Любен Каравелов" Русе | Детски отдел | 2024-11-11 | Детски отдел | 5.00 | 821-93/Ц 68 М | 120000915201 | 2.56 | Книги | 120000915201 |